Statystyki dla Losowe kraje na mapie świata bez granic

Kliknij tutaj aby rozwiązać quiz!

Ogólne statystyki

  • Ten quiz został rozwiązany 718 razy
  • Średni wynik to 18 z 25

Odpowiedzi na mapie

Odpowiedzi skodowane kolorowo w zielono-czerwonej skali na mapie do tego quizu, zgodnie z poniższymi procentami.
 

Statystyki odpowiedzi

Kraj% Poprawnych
Brazylia
100%
Chile
100%
Chiny
100%
Finlandia
100%
Francja
100%
Irlandia
100%
Kanada
100%
Litwa
100%
Malezja
100%
Rosja
100%
Holandia
94%
Meksyk
94%
Polska
94%
Singapur
94%
Ukraina
94%
Monako
93%
Norwegia
93%
Peru
93%
Hiszpania
92%
Kolumbia
92%
Kuba
92%
Pakistan
92%
Stany Zjednoczone
92%
Jamajka
91%
Szwecja
91%
Białoruś
90%
Dominikana
90%
Islandia
90%
Niemcy
90%
Portugalia
90%
Słowenia
90%
Argentyna
89%
Filipiny
89%
Arabia Saudyjska
88%
Boliwia
88%
Kazachstan
88%
Wielka Brytania
88%
Węgry
87%
Afganistan
85%
Bułgaria
85%
Dania
85%
Iran
85%
Malta
85%
Serbia
85%
Andora
84%
Japonia
84%
Belgia
83%
Korea Północna
83%
Łotwa
83%
Słowacja
83%
Zjednoczone Emiraty Arabskie
83%
Dominika
82%
Honduras
82%
Korea Południowa
81%
Nowa Zelandia
81%
Rumunia
81%
San Marino
81%
Chorwacja
80%
Etiopia
80%
Lesotho
80%
Liechtenstein
80%
Maroko
80%
Nepal
80%
Niger
80%
Oman
80%
Sri Lanka
80%
Szwajcaria
80%
Urugwaj
80%
Armenia
79%
Austria
79%
Bangladesz
79%
Bośnia i Hercegowina
79%
Cypr
79%
Haiti
79%
Indie
79%
Turcja
79%
Azerbejdżan
78%
Gruzja
78%
Namibia
78%
Panama
78%
Włochy
78%
Czarnogóra
77%
Wenezuela
77%
Mjanma
76%
Australia
75%
Ekwador
75%
Grecja
75%
Gujana
75%
Jemen
75%
Libia
75%
Luksemburg
75%
Somalia
75%
Angola
73%
Czechy
73%
Erytrea
73%
Estonia
73%
Kosowo
73%
Macedonia Północna
73%
Madagaskar
73%
Paragwaj
73%
Republika Południowej Afryki
73%
Watykan
73%
Wietnam
73%
Wyspy Świętego Tomasza i Książeca
73%
Mauretania
72%
Kuwejt
71%
Mołdawia
71%
Tajwan
71%
Mauritius
70%
Tonga
70%
Czad
69%
Demokratyczna Republika Konga
69%
Izrael
69%
Laos
69%
Liban
69%
Mongolia
69%
Papua-Nowa Gwinea
69%
Syria
69%
Timor Wschodni
69%
Turkmenistan
69%
Tunezja
68%
Albania
67%
Bahamy
67%
Belize
67%
Gwatemala
67%
Kostaryka
67%
Tadżykistan
67%
Algieria
65%
Surinam
65%
Bhutan
64%
Egipt
64%
Indonezja
64%
Jordania
64%
Mozambik
64%
Tajlandia
64%
Uzbekistan
64%
Fidżi
63%
Kamerun
63%
Uganda
63%
Malediwy
62%
Saint Vincent i Grenadyny
62%
Gwinea Równikowa
60%
Kirgistan
60%
Kiribati
60%
Mikronezja
60%
Tanzania
60%
Bahrajn
58%
Nikaragua
58%
Gambia
57%
Tuvalu
57%
Togo
55%
Zimbabwe
55%
Benin
54%
Sudan
54%
Ghana
53%
Kambodża
53%
Mali
53%
Rwanda
53%
Wyspy Marshalla
53%
Liberia
50%
Nigeria
50%
Republika Zielonego Przylądka
50%
Saint Lucia
50%
Seszele
50%
Wyspy Salomona
50%
Eswatini
47%
Katar
47%
Samoa
47%
Trynidad i Tobago
47%
Wybrzeże Kości Słoniowej
47%
Palau
46%
Salwador
46%
Senegal
46%
Vanuatu
46%
Irak
45%
Zambia
45%
Brunei
44%
Dżibuti
43%
Gabon
43%
Gwinea Bissau
43%
Kongo
43%
Botswana
40%
Gwinea
40%
Malawi
40%
Nauru
40%
Republika Środkowoafrykańska
40%
Sierra Leone
40%
Kenia
39%
Barbados
38%
Burkina Faso
36%
Saint Kitts i Nevis
36%
Grenada
33%
Sudan Południowy
33%
Komory
31%
Antigua i Barbuda
29%
Burundi
14%

Rozkład punktacji

Percentyl według liczby udzielonych odpowiedzi

Procent ludzi z każdym wynikiem

Twoja historia wyników

Nie rozwiązałeś tego quizu